| 000 | 00476nam a2200181Ia 4500 | ||
|---|---|---|---|
| 001 | 14092 | ||
| 005 | 20260306164849.0 | ||
| 008 | 260306t2001||||xx |||||||||||||| ||spa|| | ||
| 041 | _aESP | ||
| 082 |
_a006.35 _bH84 |
||
| 100 |
_aHuang, Xuedong _eAUT |
||
| 245 | 0 |
_aSpoken language processing: _ba guide theory, algorithm, and system development |
|
| 260 | _c2001 | ||
| 300 |
_axix, 980 páginas : _c23 cm. |
||
| 650 | _aGEN | ||
| 654 | _aCCC | ||
| 942 |
_cLIB _dJUS _fJUS _2ddc _n |
||
| 999 |
_c14092 _d14092 |
||